Es gibt mindestens 25... - Sudden Death - Statistiken

Allgemein
  • Dieses Quiz wurde 795 mal gespielt
  • Das Durchschnittsergebnis liegt bei 2 aus 21
Answers on the Grid
Answers color-coded by a green-red scale on the quiz's grid according to % correct below.
...Länder, die größer als Ägypten sind
...Fußballer, die den Goldenen Ball gewonnen haben
...Filme im Marvel Cinematic Universe
...Staffeln der Simpsons
...Zeitzonen
...Wirbel in der menschlichen Wirbelsäule
...Buchstaben im englischen Alphabet
...Länder, die Teil der Europäischen Union sind
...Binnenstaaten in den USA
...natürliche Satelliten des Jupiter
...Wochen in 6 Monaten
...Länder, die mindestens eine Fußball-Europameisterschaft gespielt haben
...Protonen in einem Silberatom
...Monarchien in der Welt
...Länder, die mit dem Buchstaben S beginnen
...Bücher im Alten Testament der Bibel
...verschiedene Fahrer, die die Formel-1-Meisterschaft gewonnen haben
...Yen in einem Dollar
...Berge, die höher als 7000 Meter sind
...Primzahlen zwischen 1 und 100
...Filme, die mindestens eine Milliarde Dollar eingebracht haben
...Länder mit mehr Einwohnern als Frankreich
...Länder, die vom Äquator durchquert werden
...Spieler einer Rugby-Mannschaft
...Hauptstädte, die nördlicher als Wien liegen
...Länder, die an Russland grenzen
...Unzen in einem Pfund
...Länder, die die Olympischen Sommerspiele ausgerichtet haben
...Knochen in einem menschlichen Schädel
...Grundstückfelder im Spiel Monopoly
...Päpste, die seit 1900 gewählt wurden
...Diagonalen in einem Achteck
...Teiler der Zahl 1000
...Länder mit mehr Einwohnern als die Insel Java
...republikanische Präsidenten in der Geschichte der Vereinigten Staaten
...Farben in der Flagge von Belize
...Länder, die an das Mittelmeer grenzen
...Sterne in der Flagge von Australien
...Nationalmannschaften, die mindestens eine Fußballweltmeisterschaft gewonnen haben
...Nichtmetalle im Periodensystem
...Städte mit mehr Einwohnern als Moskau
...Wolkenkratzer, die höher als 500 Meter sind
 
Antwortstatistiken
Antwort % Korrekt
...Buchstaben im englischen Alphabet
23%
...Wochen in 6 Monaten
18%
...Zeitzonen
17%
...Länder, die Teil der Europäischen Union sind
16%
...Länder, die mindestens eine Fußball-Europameisterschaft gespielt haben
15%
...Staffeln der Simpsons
14%
...Bücher im Alten Testament der Bibel
11%
...verschiedene Fahrer, die die Formel-1-Meisterschaft gewonnen haben
11%
...Filme im Marvel Cinematic Universe
10%
...Primzahlen zwischen 1 und 100
10%
...Fußballer, die den Goldenen Ball gewonnen haben
9%
...Berge, die höher als 7000 Meter sind
8%
...Binnenstaaten in den USA
8%
...Yen in einem Dollar
8%
...Filme, die mindestens eine Milliarde Dollar eingebracht haben
7%
...Länder, die größer als Ägypten sind
7%
...Länder, die mit dem Buchstaben S beginnen
6%
...Monarchien in der Welt
6%
...natürliche Satelliten des Jupiter
6%
...Protonen in einem Silberatom
6%
...Wirbel in der menschlichen Wirbelsäule
6%
Keine übereinstimmenden Quizze gefunden
Verteilung der Resultate
Anzahl Personen mit jedem Resultat
Perzentil nach korrekt beantworteten Fragen
Ihre Resultats-Entwicklung
Sie haben dieses Quiz noch nicht gespielt